000 01348nam a22002057a 4500
999 _c12485
_d12485
003 AR-CdUCM
008 190409b ||||| |||| 00| 0 spa d
040 _aMUNICIPALIDAD PROVINCIAL DEL CUSCO
_cBIBLIOTECA MUNICIPAL DEL CUSCO
082 _a349.6 /
_bSA182 / 1846
100 _aSalva, Vicente
_930344
245 _aNovísima recopilación de las leyes de España :
_bmandad a formas por el señor Don Carlos IV /
260 _aParis :
_bDon Vicente Salva,
_c1846.
300 _a4 tomos
_c26 cm.
505 _aContenido: t.1: De la santa iglesia sus derechos, bienes y rentas, suplemento al libro primero, de la jurisdicción eclesiástica, ordinaria y mixta, del rey y la real casa de corte -- t.2: de la real jurisdicción ordinaria y de su exerciccio, las chancillerias y la audiencia del reino, de los vasallos su distincion de estado y fuero -- t.4: Del comercio, moneda y minas, de los cotratos y obligaciones testamentos y herencias, de los juicios civiles ordinarios y ejecutivos, de los delitos y sus penas y de los juicios criminales -- t.5: reales resoluciones sobre la jurisdicción consular, conocimiento de los naufragios, libros y papeles de la casa de comercio...
650 _aCarlos IV.
_930345
650 _aReglamentos reales.
_930346
650 _aCédulas reales.
_930347
942 _2ddc
_cLIBROS
945 _awfj
_d2019-04-09